00289nam a2200109Ia 4500008004100000020001500041040002900056050002500085100001900110245002200129260002800151221021s9999||||xx |||||||||||||| ||und|| a9966497536 cChuka University Library aPL 8704 b.W361 2001 aWamitila, K.W. 0aKamusi ya Methali aNairobibLonghornc2001